000 00524nam a22001817a 4500
003 MPLRDC
005 20220105061121.0
008 210129b ||||| |||| 00| 0 eng d
020 _aISSN 1017-4265
082 _a050.1 DZWZ v.5 2009 c.2
100 _a潘少权 总编
245 _a读者文摘. 五月号2009
_c
260 _a香港
_b读者文摘远东有限公司
_c2009
300 _b
520 _a上架2017-07-26。
650 _a连续性出版品; 期刊--读者文摘
942 _cBK
_o050.1 DZWZ v.5 2009 c.2
999 _c69047
_d69037